Biotechnology for beginners: (Record no. 6954)
[ view plain ]
| 000 -LEADER | |
|---|---|
| fixed length control field | 00671nam a22002057a 4500 |
| 003 - CONTROL NUMBER IDENTIFIER | |
| control field | OSt |
| 005 - DATE AND TIME OF LATEST TRANSACTION | |
| control field | 20211025155448.0 |
| 008 - FIXED-LENGTH DATA ELEMENTS--GENERAL INFORMATION | |
| fixed length control field | 210518b ||||| |||| 00| 0 eng d |
| 020 ## - INTERNATIONAL STANDARD BOOK NUMBER | |
| International Standard Book Number | 9780128012246 |
| 040 ## - CATALOGING SOURCE | |
| Transcribing agency | DDC |
| 082 ## - DEWEY DECIMAL CLASSIFICATION NUMBER | |
| Classification number | 660.6 REN 2017 |
| 100 ## - MAIN ENTRY--PERSONAL NAME | |
| Personal name | Renneberg, Reinhard; Berkling,Viola; Loroch, Vanya; |
| 9 (RLIN) | 14264 |
| 245 ## - TITLE STATEMENT | |
| Title | Biotechnology for beginners: |
| Statement of responsibility, etc. | Edited by Renneberg,Reinhard; Berkling,Viola and Loroch,Vanya; |
| 250 ## - EDITION STATEMENT | |
| Edition statement | 2nd ed. |
| 260 ## - PUBLICATION, DISTRIBUTION, ETC. (IMPRINT) | |
| Place of publication, distribution, etc. | Singapore. |
| Name of publisher, distributor, etc. | Academic Press. |
| Date of publication, distribution, etc. | ©2017 |
| 300 ## - PHYSICAL DESCRIPTION | |
| Extent | xxviii,405p; |
| Other physical details | col ill ; |
| Dimensions | 28cm |
| 504 ## - BIBLIOGRAPHY, ETC. NOTE | |
| Bibliography, etc | Includes; bibliographical references and index. |
| 650 ## - SUBJECT ADDED ENTRY--TOPICAL TERM | |
| Topical term or geographic name as entry element | Biotechnology. |
| 9 (RLIN) | 4840 |
| 942 ## - ADDED ENTRY ELEMENTS (KOHA) | |
| Source of classification or shelving scheme | Dewey Decimal Classification |
| Koha item type | Open Shelf |
| Withdrawn status | Lost status | Source of classification or shelving scheme | Damaged status | Not for loan | Home library | Current library | Date acquired | Source of acquisition | Inventory number | Total Checkouts | Full call number | Barcode | Date last seen | Price effective from | Koha item type | Public note |
|---|---|---|---|---|---|---|---|---|---|---|---|---|---|---|---|---|
| Dewey Decimal Classification | MUST Main Library | MUST Main Library | 25/10/2021 | Purchase | 21/41589 | 660.6REM 2017 | 2021-1533 | 25/10/2021 | 25/10/2021 | Open Shelf | ||||||
| Dewey Decimal Classification | Main Kihumuro Campus | Main Kihumuro Campus | 18/05/2021 | Purchase | 21/41441 | 660.6 REN 2017 | 2021-0549 | 18/05/2021 | 18/05/2021 | Book | Material in Hard copy | |||||
| Dewey Decimal Classification | Main Kihumuro Campus | Main Kihumuro Campus | 18/05/2021 | Purchase | 21/41440 | 660.6 REN 2017 | 2021-0550 | 18/05/2021 | 18/05/2021 | Book | Material in Hard copy |
